000 00801nam a2200181 4500
999 _c63834
_d63834
003 Ge_BSU
005 20260130141214.0
008 260130s1954 ge ||||| |||| 00| 0 geo d
041 _ageo
080 _a657.1:69 ლ-21
100 _aლანდია, პ.
_926766
245 _aბუღალტრული აღრიცხვა და ანალიზი მშენებლობაში /
_cპ. ლანდია.
264 _aთბილისი :
_bტექნიკა და შრომა,
_c1954.
300 _a192 გვ. ;
_b 20 სმ.
653 _aსაბუღალტრო აღრიცხვა მშენებლობაში
653 _aსაბუღალტრო ანალიზი მშენებლობაში.
942 _2udc
_cBK